| 000 | 00527nam a2200181 a 4500 | ||
|---|---|---|---|
| 005 | 20220428115239.0 | ||
| 008 | 991125s1975 mx 000 0 spa u | ||
| 035 | _aUPN01000054399 | ||
| 049 | _aCG | ||
| 050 | 4 |
_aGN400 _bM6.88 |
|
| 100 | 1 |
_aMoscovici, Serge, _d1925-2014 _929529 |
|
| 245 | 1 | 3 |
_aLa sociedad contra natura / _cpor Serge Moscovici ; tr. de Rebeca Lozada. |
| 260 |
_aMéxico : _bSiglo XXI, _c1975. |
||
| 300 | _a336 p. | ||
| 440 | 0 | _aAntropologĂa | |
| 650 | 4 |
_aSOCIEDADES PRIMITIVAS - _xHISTORIA |
|
| 905 | _aLibro | ||
| 999 |
_c54399 _d54399 |
||